000
00269nam a2200121Ia 4500
008
190216s9999||||xx |||||||||||||| ||und||
100
_a
Milne Thomson
245
0
_a
Fluid Dynamics
260
_b
Springer Verlag
300
_a
507p
650
_a
Mathematics
942
_c
BK
999
_c
31744
_d
31744